Statistics for Pokémon Regions

Click here to take the quiz!

General Stats

  • This quiz has been taken 280 times
    (129 since last reset)
  • The average score is 8 of 9

Answer Stats

GenerationAnswer% Correct
IKanto
99%
IIJohto
97%
VIIAlola
96%
VIKalos
95%
IVSinnoh
95%
VUnova
95%
IIIHoenn
94%
VIIIGalar
93%
IXPaldea
85%

Score Distribution

Percentile by Number Answered

Percent of People with Each Score

Your Score History

You have not taken this quiz since the last reset